90's Boy Band Members by First Name - Statistics

General Stats
  • This quiz has been taken 70 times
  • The average score is 15 of 29
Answer Stats
Hint Answer % Correct
NSYNC Justin
95%
98 Degrees Justin
95%
Backstreet Boys Nick
89%
98 Degrees Nick
89%
NSYNC (James) Lance
84%
NSYNC Joey
75%
New Kids on the Block Joey
75%
Backstreet Boys (Alexander) AJ
71%
Backstreet Boys Brian
68%
NSYNC Chris
64%
NSYNC (Joshua) JC
61%
Backstreet Boys Kevin
61%
New Kids on the Block Donnie
57%
Backstreet Boys Howie
55%
New Kids on the Block Jordan
46%
Hanson Zac
46%
New Kids on the Block Danny
45%
Hanson Taylor
45%
98 Degrees Drew
38%
Boyz II Men Michael
38%
Bell Biv DeVoe Michael
38%
New Kids on the Block Jonathan
34%
Hanson Isaac
32%
Boyz II Men Shawn
25%
98 Degrees Jeff
21%
Boyz II Men Wanyá
18%
Boyz II Men Nathan
16%
Bell Biv DeVoe Ronnie
14%
Bell Biv DeVoe Ricky
7%
No matching quizzes found
Score Distribution
Percent of People with Each Score
Percentile by Number Answered
Your Score History
You have not taken this quiz